Globalisation and fisheries : Proceedings of an OECD-FAO workshop

में बचाया:
ग्रंथसूची विवरण
स्वरूप: पुस्तक
भाषा:Undetermined
प्रकाशित: Paris, France OECD 2007
विषय:
टैग : टैग जोड़ें
कोई टैग नहीं, इस रिकॉर्ड को टैग करने वाले पहले व्यक्ति बनें!
Thư viện lưu trữ: Trung tâm Học liệu Trường Đại học Cần Thơ
LEADER 00632nam a2200181Ia 4500
001 CTU_187277
008 210402s9999 xx 000 0 und d
082 |a 639 
082 |b W919 
245 0 |a Globalisation and fisheries : 
245 0 |b Proceedings of an OECD-FAO workshop 
245 0 |c Workshop on the Challenges and Opportunies of Fisheries Globalisation 
260 |a Paris, France 
260 |b OECD 
260 |c 2007 
650 |a Fisheries,Fishery policy,Thủy sản,Chính sách thủy sản 
650 |x Congresses,Congresses,Hội thảo,Hội thảo 
980 |a Trung tâm Học liệu Trường Đại học Cần Thơ